00695nam a2200157 i 4500001000700000003000700007005001700014008004100031100003200072245013900104260006900243300006300312610002900375710002800404852010500432188052SpMaBN20230906223109.0180420s1927 sp bf |||| | spa d1 aRamón y Arrufat, Antonio.13aLa Orden Benedictina b: (resumen histórico) / cDom Antonio Ramón Arrufat ; traducido del catalán por Dom Gerardo M.ª Salvany. aMontserrat : b[Monasterio de Ntra. Sra. de Montserrat], c1927. a346 p., [27] h. de lám., [1] h. pleg. de mapa ; c19 cm.24aBenedictinos-vHistoria.2 aAbadía de Montserrat. aES-MaACLjL-31932 z- Enc. cart. z. - Donat. herederos de la bibl. de Mª del Pilar Costa Palacín